|
|
|
|
| LEADER |
00700ncm a22002172a 4500 |
| 001 |
000450080 |
| 003 |
CZ BrMZK |
| 005 |
20100830091849.0 |
| 007 |
qu |
| 008 |
990305s1945 xr f cze d |
| 040 |
|
|
|a BOA001
|b cze
|
| 072 |
|
7 |
|a 784
|x Vokální hudba
|2 Konspekt
|9 9
|
| 245 |
0 |
0 |
|a Požalej
|h [hudebnina] :
|b ruská píseň /
|c český text Václav Špilar
|
| 260 |
|
|
|a Praha :
|b Kovářík,
|c 1945
|
| 300 |
|
|
|a 1 sv. (nestránkován)
|
| 500 |
|
|
|a Jednohlasý zpěv
|
| 700 |
1 |
|
|a Špilar, Václav,
|d 1902-1968
|7 jz6702197
|4 lyr
|
| 910 |
|
|
|a BOA001
|b Mus1-0580.547
|
| 990 |
|
|
|a MU
|
| 991 |
|
|
|b 200911
|
| 996 |
6 |
|
|b 2619760245
|c Mus1-0580.547
|l MZK
|r Sklad / do 1 hodiny
|n 1
|w 000450080
|u 000010
|a 1
|e BOA001
|j MZK50
|s P
|